<?xml version="1.0" encoding="UTF-8"?>
<record
    xmlns:xsi="http://www.w3.org/2001/XMLSchema-instance"
    xsi:schemaLocation="http://www.loc.gov/MARC21/slim http://www.loc.gov/standards/marcxml/schema/MARC21slim.xsd"
    xmlns="http://www.loc.gov/MARC21/slim">

  <leader>01167nam a22002897a 4500</leader>
  <controlfield tag="003">OSt</controlfield>
  <controlfield tag="005">20260622103929.0</controlfield>
  <controlfield tag="008">260622b        |||||||| |||| 00| 0 eng d</controlfield>
  <datafield tag="020" ind1=" " ind2=" ">
    <subfield code="a">9788434889026</subfield>
  </datafield>
  <datafield tag="037" ind1=" " ind2=" ">
    <subfield code="b">Donaci&#xF3;n</subfield>
  </datafield>
  <datafield tag="040" ind1=" " ind2=" ">
    <subfield code="a">CO-JMCR</subfield>
    <subfield code="b">spa</subfield>
    <subfield code="c">CO-JMCR</subfield>
    <subfield code="d">CO-JMCR</subfield>
    <subfield code="e">rda</subfield>
  </datafield>
  <datafield tag="041" ind1="1" ind2=" ">
    <subfield code="a">spa</subfield>
    <subfield code="h">eng</subfield>
  </datafield>
  <datafield tag="082" ind1="0" ind2="4">
    <subfield code="a">N </subfield>
    <subfield code="b">SIMp</subfield>
  </datafield>
  <datafield tag="100" ind1="1" ind2=" ">
    <subfield code="a">Simon, Francesca,</subfield>
    <subfield code="9">44642</subfield>
  </datafield>
  <datafield tag="245" ind1="1" ind2="0">
    <subfield code="a">Pablo Diablo / </subfield>
    <subfield code="c">Francesca Simon.</subfield>
  </datafield>
  <datafield tag="300" ind1=" " ind2=" ">
    <subfield code="a">95 p&#xE1;ginas :</subfield>
    <subfield code="b">ilustraciones en blanco y negro ;</subfield>
    <subfield code="c">19 cm.</subfield>
  </datafield>
  <datafield tag="440" ind1=" " ind2=" ">
    <subfield code="a">El barco de vapor ; </subfield>
    <subfield code="9">44643</subfield>
  </datafield>
  <datafield tag="520" ind1="3" ind2=" ">
    <subfield code="a">Pablo Diablo era un aut&#xE9;ntico diablo. Todo el mundo lo dec&#xED;a. Pero un d&#xED;a Pablo decidi&#xF3; convertirse en un ni&#xF1;o perfecto, como su hermoano roberto.</subfield>
  </datafield>
  <datafield tag="650" ind1=" " ind2="7">
    <subfield code="2">JMCR</subfield>
    <subfield code="a">Novela infantil estadounidense </subfield>
    <subfield code="y">Siglo XX</subfield>
    <subfield code="9">44644</subfield>
  </datafield>
  <datafield tag="650" ind1=" " ind2="7">
    <subfield code="2">JMCR</subfield>
    <subfield code="a">Literatura infantil estadounidense </subfield>
    <subfield code="y">Siglo XX</subfield>
    <subfield code="9">44645</subfield>
  </datafield>
  <datafield tag="650" ind1=" " ind2="7">
    <subfield code="2">JMCR</subfield>
    <subfield code="a">Relaci&#xF3;n madre e hijo en la literatura </subfield>
    <subfield code="9">44646</subfield>
  </datafield>
  <datafield tag="650" ind1=" " ind2="7">
    <subfield code="2">JMCR</subfield>
    <subfield code="a">Hermanos en la literatura </subfield>
    <subfield code="9">44647</subfield>
  </datafield>
  <datafield tag="650" ind1=" " ind2="7">
    <subfield code="2">JMCR</subfield>
    <subfield code="a">Travesuras en la literatura </subfield>
    <subfield code="9">7867</subfield>
  </datafield>
  <datafield tag="650" ind1=" " ind2="7">
    <subfield code="2">JMCR</subfield>
    <subfield code="a">Rivalidad entre hermanos en la literatura</subfield>
    <subfield code="9">44648</subfield>
  </datafield>
  <datafield tag="700" ind1="1" ind2=" ">
    <subfield code="a">Ross, Tony, </subfield>
    <subfield code="d">1938- </subfield>
    <subfield code="e">ilustrador</subfield>
    <subfield code="9">44649</subfield>
  </datafield>
  <datafield tag="942" ind1=" " ind2=" ">
    <subfield code="2">ddc</subfield>
    <subfield code="c">BK</subfield>
  </datafield>
  <datafield tag="999" ind1=" " ind2=" ">
    <subfield code="c">31184</subfield>
    <subfield code="d">17568</subfield>
  </datafield>
  <datafield tag="952" ind1=" " ind2=" ">
    <subfield code="0">0</subfield>
    <subfield code="1">0</subfield>
    <subfield code="2">ddc</subfield>
    <subfield code="4">0</subfield>
    <subfield code="7">0</subfield>
    <subfield code="8">FIC</subfield>
    <subfield code="a">CPL</subfield>
    <subfield code="b">CPL</subfield>
    <subfield code="c">CART</subfield>
    <subfield code="d">2026-06-22</subfield>
    <subfield code="l">0</subfield>
    <subfield code="o">N  SIMp</subfield>
    <subfield code="p">201812702</subfield>
    <subfield code="r">2026-06-22 10:40:08</subfield>
    <subfield code="t">Ej.1</subfield>
    <subfield code="w">2026-06-22</subfield>
    <subfield code="y">BK</subfield>
  </datafield>
</record>
